Normal view
MARC view
Entry Geographic Name
001 - CONTROL NUMBER
- control field: 42367
003 - CONTROL NUMBER IDENTIFIER
- control field: ARRUPE
005 - DATE AND TIME OF LATEST TRANSACTION
- control field: 20180920122438.0
008 - FIXED-LENGTH DATA ELEMENTS
- fixed length control field: 180920|| aca||aabn | a|a d
040 ## - CATALOGING SOURCE
- Original cataloging agency: ARRUPE
- Transcribing agency: ARRUPE
151 ## - HEADING--GEOGRAPHIC NAME
- Geographic name: Africa, Central
- General subdivision: Ethnic relations
- General subdivision: Political aspects
- Chronological subdivision: 20th century.
670 ## - SOURCE DATA FOUND
- Source citation: Work cat.: (ARRUPE)0: Prunier, Gérard. 30155, Africa's world war :, 2009.